Leaders of Georgia by Picture - Statistics

General Stats
  • This quiz has been taken 13 times
    4 since last reset
  • The average score is 10 of 27
Answer Stats
Picture Hint Answer % Correct
2012-2013 Bidzina Ivanishvili
100%
2004-2007 | 2008-2013 Mikheil Saakashvili
100%
1931-1932 | 1934-1938 Lavrentiy Beria
75%
1972-1985 | 1992-2003 Eduard Shevardnadze
50%
2013-2015 | 2021-2024 Irakli Garibashvili
50%
2024-Present Irakli Kobakhidze
50%
1992 Jaba Ioseliani
50%
1990-1992 Zviad Gamsakhurdia
50%
1952-1953 Akaki Mgeladze
25%
1953 Aleksandre Mirtskhulava
25%
2019-2021 Giorgi Gakharia
25%
2015-2018 Giorgi Kvirikashvili
25%
1989-1990 Givi Gumbaridze
25%
1985-1989 Jumber Patiashvili
25%
1938-1952 Kandid Charkviani
25%
1931 Lavrenty Kartvelishvili
25%
1921-1922 Mamia Orakhelashvili
25%
2018-2019 Mamuka Bakhtadze
25%
1918-1921 Nikolay Chkheidze
25%
2003-2004 | 2007-2008 Nino Burjanadze
25%
1918 Noe Ramishvili
25%
1918-1921 Noe Zhordania
25%
1932-1934 Petre Agniashvili
25%
1930-1931 Samson Mamulia
25%
1992 Tengiz Kitovani
25%
1953-1972 Vasil Mzhavanadze
25%
1922-1924 Vissarion Lominadze
25%
No matching quizzes found
Score Distribution
Percent of People with Each Score
Percentile by Number Answered
Your Score History
You have not taken this quiz since the last reset